| 000 | 00626nam a22001817a 4500 | ||
|---|---|---|---|
| 005 | 20251108164951.0 | ||
| 008 | 250721s1997 xx 000 0 ara d | ||
| 082 | 1 | 4 | _a214/هرا |
| 100 | 1 | _aهراس، محمد خليل | |
| 245 | 1 | 0 |
_aشرح العقيدة الواسطية : _bلشيخ الإسلام أحمد بن عبد الحليم بن عبد السلام إبن تيميه / |
| 264 | 1 |
_aبيروت : _bمؤسسة الرسالة، _c1997. |
|
| 300 | _a190ص. | ||
| 650 | 1 | 7 | _aالإسلام |
| 650 | 1 | 7 | _aأصول الدين الإسلامي |
| 650 | 1 | 7 | _aعلم الكلام |
| 942 |
_2ddc _cBK |
||
| 999 |
_c18652 _d18652 |
||